Спеціальні історичні дисципліни: питання теорії і методики (Запис № 430357)

МАРК-запис
000 -Лідер
fixed length control field 01011nam a22002417a 4500
003 - Ідентифікатор контрольного номера
control field UA-OsUOA
001 - Контрольний номер
control field 50228
007 - Фіксоване поле фізичного опису
fixed length control field ta
008 - Елементи даних фіксованої довжини – загальна інформація
fixed length control field 20140528b un ||||| |||| 00| 0 ukr d
090 ## - Локальний шифр розміщення
Класифікаційний індекс УДК 082
Авторський знак (НП) С71
040 ## - Джерело каталогізації
Агенція оригінальної каталогізації UA-OsUOA
Мова каталогізації ukr
Агенція, яка здійснювала перезапис UA-OsUOA
Агенція, яка здійснювала модифікацію UA-OsUOA
041 ## - Код мови
Код мови тексту/ звукової доріжки чи окремого заголовка (П) ukr
080 ## - Індекс Універсальної десяткової класифікації
Індекс Універсальної десяткової класифікації (УДК) (НП) 082
245 ## - Відомості про назву
Назва (НП) Спеціальні історичні дисципліни: питання теорії і методики
Решта назви (НП) Збірник наукових праць та спогадів
Дані про відповідальність (НП) Число 4
260 ## - Публікація, розповсюдження і т.п. (Вихідні дані)
Місце публікації, розповсюдження і т.п. (П) К.
Ім’я/ наймення видавництва, розповсюджувача і т.п. (П) Інститут історії НАНУ
Дата публікації, розповсюдження і т.п. (П) 2000
246 31 - Інша форма назви
Назва (НП) Частина І
Номер частини/ розділ роботи (П) Пам'яті відомого вченого-історика доктора історичних наук Олени Станіславівни Компан
300 ## - Фізичний опис
Обсяг 306 с.
650 #7 - Додаткове предметне введення – тематичний термін
Тематичний термін чи географічна назва, як елемент введення (НП) 08 Видання. Колективні праці
Джерело заголовка чи терміна UDC
942 ## - Додаткові елементи входу (Коха)
Тип елемента Koha Книги
955 ## - Код типу видання за змістом
Код типу видання за змістом (НП) Наукові видання
Фонди
Стан вилучень Стан втрат Джерело класифікації або схеми стелажів Стан уражень Не для кредиту Постійне місце розташування Поточне розміщення Дата придбання Джерело придбання Вартість, звичайна ціна покупки Інвентарний номер Усього замовленно Повний номер виклику Штрих-код Дата останнього перегляду Ціна ефективна від Тип елемента Koha
    Universal Decimal Classification     Наукова бібліотека ІДУД Наукова бібліотека ІДУД 28/05/2014 311/2014 1.00 2136081   082 С71 2136081 14/09/2019 28/05/2014 Книги